Expectations Unfulfilled : (Record no. 62435)

MARC details
000 -LEADER
fixed length control field 01001nam a2200241Ii 4500
008 - FIXED-LENGTH DATA ELEMENTS--GENERAL INFORMATION
fixed length control field 221202s xx 000 0 und d
245 #0 - TITLE STATEMENT
Title Expectations Unfulfilled :
Remainder of title Norwegian Migrants in Latin America, 1820-1940
264 ## - PRODUCTION, PUBLICATION, DISTRIBUTION, MANUFACTURE, AND COPYRIGHT NOTICE
Name of producer, publisher, distributor, manufacturer Brill
Date of production, publication, distribution, manufacture, or copyright notice 2016
300 ## - PHYSICAL DESCRIPTION
Extent 1 online resource (280 pages)
336 ## - CONTENT TYPE
Content type term text
Content type code txt
Source rdacontent
337 ## - MEDIA TYPE
Media type term computer
Media type code c
Source rdamedia
338 ## - CARRIER TYPE
Carrier type term online resource
Carrier type code cr
Source rdacarrier
490 ## - SERIES STATEMENT
Series statement Studies in Global Migration History
Volume/sequential designation 24-Aug
520 ## - SUMMARY, ETC.
Summary, etc. In Expectations Unfulfilled scholars from Argentina, Belgium, Brazil, Mexico, Norway, Spain and Sweden study the experiences of Norwegian migrants in Latin America between the Wars of Independence and World War II.
653 ## - INDEX TERM--UNCONTROLLED
Uncontrolled term Argentina
653 ## - INDEX TERM--UNCONTROLLED
Uncontrolled term Brazil
653 ## - INDEX TERM--UNCONTROLLED
Uncontrolled term Chile
653 ## - INDEX TERM--UNCONTROLLED
Uncontrolled term Guatemala
653 ## - INDEX TERM--UNCONTROLLED
Uncontrolled term Migration
700 1# - ADDED ENTRY--PERSONAL NAME
Personal name A. Sæther, Steinar
856 ## - ELECTRONIC LOCATION AND ACCESS
Uniform Resource Identifier <a href="https://library.oapen.org/bitstream/20.500.12657/32214/1/613396.pdfhttp://library.oapen.org/handle/20.500.12657/32214">https://library.oapen.org/bitstream/20.500.12657/32214/1/613396.pdfhttp://library.oapen.org/handle/20.500.12657/32214</a>
942 ## - ADDED ENTRY ELEMENTS (KOHA)
Koha item type E-Book
Holdings
Withdrawn status Damaged status Not for loan Home library Current library Date acquired Total Checkouts Date last seen Price effective from Koha item type
      Directory of Open Access Books Directory of Open Access Books 11/28/2022   11/28/2022 11/28/2022 E-Book

University of Rizal System
Email us at univlibservices@urs.edu.ph

Visit our Website www.urs.edu.ph/library